01257nab a22002297a 4500999001500000003000400015005001700019008004100036040000700077100003600084245012600120260007300246300001500319500007300334505017200407505013400579505008900713650003500802650003700837773014000874942001301014 c6341d6341OSt20260130215735.0190603e xxum|||| |||| 00| 0 spa d cPJ 92087aUrbaneja, Marcelo Eduardo13aLa interversión de la relación de poder y la interrupción de la prescripción adquisitiva /cMarcelo E. Urbaneja.  cCiudad Autónoma de Buenos Aires :aThomson Reuters La Ley, b2025. ap. 236-240 aCita: TR LALEY AR/DOC/2266/2025 Publicado en: RCCyC 2025 (Octubre). aSumario: I. Los antecedentes y las sentencias.— II. La "interversión".— III. Su aplicación al caso.— IV. La interrupción de la prescripción adquisitiva.  aFallo comentado: CNCiv., sala I ~ 19/06/2025 ~ Font, Silvia Nora c. Mendenson, Pablo Javier y otro s/ prescripción adquisitiva. t¿Te interesa el texto completo? Solicitalo al correo: koha@justierradelfuego.gov.ar 091497aCODIGO CIVIL Y COMERCIAL 092324aPRESCRIPCIÓN ADQUISITIVA0 0271393170dCiudad Autónoma de Buenos Aires : Thomson Reuters La Ley, 2015-tRevista Código Civil y Comercial. Nº 5 - Octubre 2025 2udccANA